ბათუმის შოთა რუსთაველის სახელმწიფო უნივერსიტეტის ბიბლიოთეკა

ფინეთის ისტორია (ბიბ.ჩანაწერი № 48846)

000 -LEADER
fixed length control field 00977nam a2200253Ia 4500
001 - CONTROL NUMBER
control field 15748
003 - CONTROL NUMBER IDENTIFIER
control field GE_BSU
008 - FIXED-LENGTH DATA ELEMENTS--GENERAL INFORMATION
fixed length control field 181216s||||||||xx |||||||||||||| ||und||
020 ## - INTERNATIONAL STANDARD BOOK NUMBER
International Standard Book Number 9789941077494
040 ## - CATALOGING SOURCE
Transcribing agency GE_BSU
080 ## - UNIVERSAL DECIMAL CLASSIFICATION NUMBER
Universal Decimal Classification number 94(480)
100 ## - MAIN ENTRY--PERSONAL NAME
Personal name მეინანდერი,ჰერნიკ
245 ## - TITLE STATEMENT
Title ფინეთის ისტორია
245 ## - TITLE STATEMENT
Remainder of title მიმართულებები, სტრუქტურები, გარდატეხები
245 ## - TITLE STATEMENT
Statement of responsibility, etc. შვედ. თარგმნა დიმიტრი გოგოლაშვილმა ; დიზაინერი სალომე რამიშვილი.
250 ## - EDITION STATEMENT
Edition statement I გამოცემა
260 ## - PUBLICATION, DISTRIBUTION, ETC.
Place of publication, distribution, etc. თბილისი.
260 ## - PUBLICATION, DISTRIBUTION, ETC.
Name of publisher, distributor, etc. Merebashvilitykesson
260 ## - PUBLICATION, DISTRIBUTION, ETC.
Date of publication, distribution, etc. 2015
300 ## - PHYSICAL DESCRIPTION
Extent 293გვ;20სმ
300 ## - PHYSICAL DESCRIPTION
Other physical details ბიბლიოგრ.: გვ. 287-293.
653 ## - INDEX TERM--UNCONTROLLED
Uncontrolled term ფინეთის ისტორია
942 ## - ADDED ENTRY ELEMENTS (KOHA)
Koha item type წიგნი
ეგზემპლარები
Withdrawn status Lost status Damaged status Not for loan Date acquired Barcode Date last seen Price effective from Koha item type
        2018-12-17 39592 2018-12-17 2018-12-17 წიგნი